000 02245nam a22004937a 4500
003 CHAP
005 20220329140701.0
008 971013s1946 r 00010 d
010 _a55987
011 _a56959
035 _a61112
040 _cCHAP
082 _a574.87
_bS43Y
100 0 0 _aSharp, Lester W.
_9105521
245 _aFundamentos de citología
260 _aBuenos Aires :
_bAcme,
_c1946
300 _a326 p.
_b: ilus.
500 _aTrad. de la 1ra. ed. en Inglés
590 _aBATCH-UPD
_b10
_c20130110
_lUCH01
_h1848
590 _aBATCH-UPD
_b10
_c20130410
_lUCH01
_h1217
590 _aBATCH-UPD
_b10
_c20130914
_lUCH01
_h0943
590 _aCONVERSION
_b10
_c20130109
_lUCH01
_h1330
650 1 4 _aCitología.
_923489
901 _aBK
942 _cLIBRO
949 _a574.87 S43Y
_bBC
_cLIBRO
_d33724000475331
_eLIBRO
_h26544
_i61112
_si
949 _a574.87 S43Y
_bBC
_cLIBRO
_d33724000475455
_eLIBRO
_fc.13
_i61112
_si
949 _a574.87 S43Y
_bBC
_cLIBRO
_d33724000475471
_eLIBRO
_fc.2
_h8317
_i61112
_si
949 _a574.87 S43Y
_bBC
_cLIBRO
_d33724000475489
_eLIBRO
_fc.5
_h26545
_i61112
_si
949 _a574.87 S43Y
_bBC
_cLIBRO
_d33724000475497
_eLIBRO
_fc.6
_h8319
_i61112
_si
949 _a574.87 S43Y
_bBC
_cLIBRO
_d33724000475505
_eLIBRO
_fc.4
_i61112
_si
949 _a574.87 S43Y
_bBC
_cLIBRO
_d33724000475513
_eLIBRO
_fc.10
_h8320
_i61112
_si
949 _a574.87 S43Y
_bBC
_cLIBRO
_d33724000475521
_eLIBRO
_fc.18
_h26552
_i61112
_si
949 _a574.87 S43Y
_bBC
_cLIBRO
_d33724000475539
_eLIBRO
_fc.16
_i61112
_si
949 _a574.87 S43Y
_bBC
_cLIBRO
_d33724000475547
_eLIBRO
_fc.3
_h8318
_i61112
_si
949 _a574.87 S43Y
_bBC
_cLIBRO
_d33724000475554
_eLIBRO
_fc.8
_h28021
_i61112
_si
949 _a574.87 S43Y
_bBC
_cLIBRO
_d33724000475562
_eLIBRO
_fc.7
_h33169
_i61112
_si
949 _a574.87 S43Y
_bBC
_cLIBRO
_d33724000475653
_eLIBRO
_fc.15
_h26550
_i61112
_si
949 _a574.87 S43Y
_bBC
_cLIBRO
_d33724000475661
_eLIBRO
_fc.17
_h26551
_i61112
_si
949 _a574.87 S43Y
_bBC
_cLIBRO
_d33724000475679
_eLIBRO
_fc.19
_h8322
_i61112
_si
949 _a574.87 S43Y
_bBC
_cLIBRO
_d33724000475687
_eLIBRO
_fc.20
_h12740
_i61112
_si
949 _a574.87 S43Y
_bBC
_cLIBRO
_d33724000596094
_eLIBRO
_fc.12
_h26548
_i61112
_si
949 _a574.87 S43Y
_bBC
_cMUT
_d-153379
_eMUT
_fc.9
_h26546
_i61112
_si
999 _c55987
_d55987